| 000 | 00568cam a2200193 a 4500 | ||
|---|---|---|---|
| 001 | 15982202 | ||
| 005 | 20260423165733.0 | ||
| 008 | 091112s2010 enk b 001 0 eng d | ||
| 020 | _a9781849808675 (pbk) | ||
| 020 | _a9781840648744 | ||
| 082 | _a330.15 EMM | ||
| 245 | 0 | 4 |
_aThe Elgar companion to the Chicago school of economics / _cedited by Ross B. Emmett |
| 260 |
_aNorthampton : _bEdward Elgar, _c2010. |
||
| 300 |
_axi, 350 p. ; _c26 cm. |
||
| 365 | _bRs. 3111.00 | ||
| 650 | 0 | _aChicago school of economics. | |
| 700 | 1 | _aEmmett, Ross B. | |
| 942 |
_2ddc _cBK |
||
| 999 |
_c32789 _d32789 |
||